000 00456nam a2200169Ia 4500
008 230917s9999||||xx |||||||||||||| ||und||
020 _cPOU19.95
040 _e9459
_aMAIN
041 _aEnglish
082 _a595.7 R392I(10)
100 _aRichards, O W
245 0 _aIMMS' general text book of entomology. 2V: V1-Classification and biology
250 _a10th ed.
260 _aLondon
_bChapman and Hall
_c1977
300 _aviii, 1354 p.
942 _cBK
999 _c38720
_d38720